| 000 | 00733nam a22002297a 4500 | ||
|---|---|---|---|
| 001 | 55 | ||
| 005 | 20250905072837.0 | ||
| 008 | 120920b xxu||||| |||| 00| 0 eng d | ||
| 020 | _a0-03-021761-x | ||
| 040 | _dBSULIB | ||
| 082 |
_222 _a100 _bSTR |
||
| 100 |
_aSTROLL, AVRUM _9151 |
||
| 245 | _aINTRODUCTION TO PHILOSOPHY/ | ||
| 250 | _a3rd Ed. | ||
| 260 |
_aNew York: _bHolt, Rinehart and Winston; _c1979. |
||
| 300 |
_axi, 488 p. _c24 cm. _bill. |
||
| 505 | _a--Introduction --The theory of Knowledge --Metaphysics --Political philosophy --Ethics --Philosophy of religion --Contemporary philosophy | ||
| 650 |
_aPhilosophy _vEthics _9152 |
||
| 658 |
_aPhilosophy _bReligion |
||
| 700 |
_aPOPKIN, RICHARD H, _925879 |
||
| 942 |
_2ddc _cRES |
||
| 999 |
_c55 _d55 |
||